| 000 | 01072nam a2200241Ia 4500 | ||
|---|---|---|---|
| 003 | OSt | ||
| 005 | 20220923214632.0 | ||
| 006 | a|||||r|||| 00| 0 | ||
| 007 | ta | ||
| 008 | 220922b |||||||| |||| 00| 0 hin d | ||
| 024 | _a171,387 | ||
| 037 | _cTextual | ||
| 040 |
_aARTS _cARTS _bhin |
||
| 041 |
_2hin _ahin |
||
| 082 | _aO152,3N212:g, L3 | ||
| 100 | _aपूर्ण देव | ||
| 245 | 0 |
_aरेणु की आंचलिक कथा साहित्य _b आंचलिकता की व्याख्या तथ रेणु के उपन्यास तथा कहानियों का विश्व विवेचन |
|
| 246 | _aReṇu kī āanchalik kathā sāhitya: āanchalikatā kī vyākhyā tath reṇu ke upanyās tathā kahāniyoan kā vishva vivechana | ||
| 260 |
_aनई दिल्ली _b आशा प्रकाशन _c1973 |
||
| 650 |
_aहिन्दी साहित्य _9156264 |
||
| 942 |
_hO152,3N212:g, L3 _cTEXL _2CC |
||
| 999 |
_c325610 _d325610 |
||